000 00353 a2200169 4500
001 164310
020 _a
040 _cMagnum
100 _aCosta, Marco Tulio
240 1 0 _aO canto da ave maldita
_lpor
245 1 0 _aO canto da ave maldita
300 _a160
362 0 _a1986
440 1 _aRecord
697 _aLITERATURA JUVENIL
942 _cBK
999 _c164310
_d164310